| 000 | 00373nam a2200133Ia 4500 | ||
|---|---|---|---|
| 005 | 20251222141909.0 | ||
| 008 | 251222s9999||||xx |||||||||||||| ||spa|| | ||
| 020 | _a8430927395 | ||
| 082 | _a352.3/T29 | ||
| 245 | 0 | _aComunidades de Vecinos y Administración de Fincas Urbanas y Complejos Residenciales | |
| 250 | _a3a. ed. | ||
| 264 | _bEditorial Tecnos, S.A. | ||
| 942 | _cLIB | ||
| 999 |
_c8323 _d8323 |
||